|
|
|
|
| LEADER |
01144nam a2200265 a 4500 |
| 001 |
1546622 |
| 003 |
BD-DhAAL |
| 008 |
090831s1989 vaua b 000 0 eng d |
| 999 |
|
|
|c 8427
|d 8427
|
| 010 |
|
|
|a \\\91106394
|
| 020 |
|
|
|a 0873532724
|
| 040 |
|
|
|a DLC
|c DLC
|d DLC
|d BD-DhAAL
|
| 082 |
0 |
0 |
|a 372.7
|2 20
|
| 245 |
0 |
0 |
|a New directions for elementary school mathematics /
|c Paul R. Trafton, 1989 yearbook editor.
|
| 260 |
|
|
|a Reston, Va. :
|b National Council of Teachers of Mathematics,
|c 1989.
|
| 300 |
|
|
|a viii, 245 pages :
|b illustrations ;
|c 24 cm.
|
| 490 |
1 |
|
|a Yearbook / National Council of Teachers of Mathematics,
|x 0077-4103 ;
|v 1989
|
| 504 |
|
|
|a Includes bibliographical references.
|
| 541 |
1 |
|
|e 00005133
|
| 650 |
|
0 |
|a Mathematics
|x Study and teaching (Elementary)
|9 29110
|
| 700 |
1 |
|
|a Trafton, Paul R.
|9 29111
|
| 830 |
|
0 |
|a Yearbook (National Council of Teachers of Mathematics) ;
|v 1989.
|9 29112
|
| 852 |
4 |
|
|a Ayesha Abed Library
|j General shelf
|
| 942 |
|
|
|2 ddc
|c BK
|
| 952 |
|
|
|0 0
|1 0
|2 ddc
|4 0
|6 372_700000000000000_NEW_1990
|7 0
|9 9879
|a BRACUL
|b BRACUL
|c GEN
|d 2010-05-06
|g 0.00
|l 0
|o 372.7 NEW
|p 3010005133
|r 2010-05-06
|t 1
|w 2010-05-06
|y BK
|z Not price in Register
|